000 00800nam a2200241 i 4500
001 124360
003 ES-MaACL
005 20250813062603.0
007 t|
008 070322s1928 sp af |||| | spa d
080 _a930.85(100)"04/14"
100 1 _aDavis, Henry William Carless.
_942968
245 1 0 _aEuropa medieval /
_cH.W.C. Davis ; traducido de la segunda edición inglesa por Juan Moneva y Puyol.
260 _aBarcelona :
_bLabor,
_c[1928]
300 _a192 p., XVI p. de lám. :
_bil. ;
_c17 cm.
490 1 _aColección Labor ;
_v158
650 4 _aCivilización medieval.
_9146249
651 4 _aEuropa-
_xHistoria-
_y0476-1492.
_9160435
700 1 _aMoneva y Puyol, Juan.
_982179
830 0 0 _aColección Labor
_v158
_9184254
852 _aES-MaACL
_jE-2681
999 _c124360
_d124360